Top 20 Clipse Song - Statistics

General Stats
  • This quiz has been taken 5 times
  • The average score is 6 of 20
Answer Stats
# Album Score Song % Correct
3 Let God Sort Em Out 94 Chains & Whips
80%
1 Let God Sort Em Out 94 So be it
80%
18 Let God SortEm Out 89 Ace Trumpets
60%
12 Lord Willin 91 Grindin
60%
9 Hell Hath No Fury 92 Mr. Me too
60%
14 Let God SortEm Out 90 M.T.B.T.T.F.
60%
13 Hell Hath No Fury 91 Momma Im So Sorry
40%
5 Let God Sort Em Out 92 P.O.V.
40%
6 Let God Sort Em Out 92 The Birds Dont Sing
40%
4 Lord Willin 93 Virginia
40%
10 Lord Willin 91 When The Last Time
40%
8 Let God SortEm Out 92 Let God Sort Em Out
20%
2 Hell Hath No Fury 94 Nightmares
20%
11 We Got It 4 Cheap Vol. 2 91 Hate it or Love it
0%
20 We Got It 4 Cheap Vol. 2 89 Mic Check
0%
16 We Got It 4 Cheap Vol. 2 90 One Thing
0%
19 We Got It 4 Cheap Vol. 2 89 The Corner
0%
7 Exclusive Audio Footage 92 The funeral
0%
17 We Got It 4 Cheap Vol. 2 90 Ultimate Flow
0%
15 We Got It 4 Cheap Vol. 2 90 What's Up
0%
No matching quizzes found
Score Distribution
Percent of People with Each Score
Percentile by Number Answered
Your Score History
You have not taken this quiz